Aktívne opatrenia na trhu práce a ich vplyv na dynamiku nezamestnanosti v SR diplomová práca

Enregistré dans:
Détails bibliographiques
Auteur principal: Karasová, Katarína
Collectivité auteur: Fakulta hospodárskej informatiky EU. Katedra štatistiky
Autres auteurs: Lubyová, Martina
Format: Livre
Langue:slovaque
Publié: Bratislava 2013
Tags: Ajouter un tag
Pas de tags, Soyez le premier à ajouter un tag!

MARC

LEADER 00000nbm a2200000 4500
001 0171721
005 20161109102453.3
041 0 |a slo 
044 |a SK 
245 1 0 |a Aktívne opatrenia na trhu práce a ich vplyv na dynamiku nezamestnanosti v SR  |b diplomová práca  |c Katarína Karasová ; školiteľ: Martina Lubyová 
264 1 |a Bratislava  |c 2013 
300 |a 60 s. 
100 1 |a Karasová, Katarína 
700 1 |a Lubyová, Martina 
710 2 |a Fakulta hospodárskej informatiky EU. Katedra štatistiky